000 02133njm0a2200385 4500
001 RU\NLR\ONIZ\224357
005 20250708192911.0
035 _a(NLR Aleph) 011903429
035 _aRU\NLR\ONIZ\GALA\5000033592\20181101125046
071 0 0 _aG.C.-4-22174; G.C.-4-22241
090 _a13283728
_c13283728
100 _a20181101f19001999|||y0rusy50 ca
102 _aRU
126 _aaduxdxu ux
_bxxx
127 _a000012
135 _ahonoannnanndn
200 1 _aОна моя, она моя.
_bЗвукозапись
_eнов. цыг. романс
_fП. В. Родзянко
_gисполн.: А. М. Давыдовъ, арт. ИМП, театров. С.-Петербургъ
210 _aRiga
_cConcert record "Gramophone"
_d[19--]
215 _a1 грп.(12 мин): 78 об/мин, моно; 25 см, в конв.
423 0 _12001#$aЖелание$eромансъ$fО. В. Оскнер$gисполн.: М. И. Вавич, артист русской оперетты. Москва
_1686##$aЩ943.3-043.3(28)$vLBC/SL$2rubbk
_1700#1$9z01790$aОскнер$bО. В.$gОттон Викторович$f1854-?$4070$7ca
_1702#1$9z02790$aВавич$bМ.И.$gМихаил Иванович$f1881-1931$4590$4vbs$7ca
_1790#1$9z01700$aOskner$bO. V.$gOtton Viktorovič$f1854-?$4070$7ba
_1790#1$9z02702$aVavič$bM.$gMichael$f1881-1931$4590$4vbs$7ba
_tЖелание
_aОскнер, Оттон Викторович (1854-?)
606 1 _aСтаринные русские романсы
_xЗвукозапись
_yРоссия
_z19-20 вв.
_2nlr_sh
686 _aЩ943.1-043.32(28)
_vLBC/SL
_2rubbk
700 1 _9z01790
_aРодзянко
_bП. В.
_gПавел В.
_4230
_7ca
702 1 _9z03790
_aДавыдов
_bА. М.
_f1872-1944
_gАлександр Михайлович
_4590
_7ca
790 1 _9z01700
_aRodzjanko
_bP. V.
_gPavel V.
_4230
_7ba
790 1 _9z03702
_aDavydov
_bA.
_f1872-1944
_gAlexander
_4590
_7ba
801 0 _aRU
_bNLR
_c20181101
_gPSBO
801 1 _aRU
_bNLR
_c20181101
_2rusmarc
801 2 _aRU
_bNLR
_c20181101
852 _aNLR
_bМг
_j2к/2791
_p9044
_t1
942 _cREC
980 _aNB
980 _aONIZ